| 000 | 00861nam a2200193 i 4500 | ||
|---|---|---|---|
| 001 | 158055 | ||
| 003 | ES-MaACL | ||
| 005 | 20250807081309.0 | ||
| 008 | 931025s1889 sp |||| | spa d | ||
| 040 |
_aAS _bspa _cPAB |
||
| 100 | 1 |
_aLópez Pérez, Gabriel. _9129220 |
|
| 245 | 1 | 0 |
_aDiscurso _b: leido en la Universidad literaria de Salamanca para la apertura del Curso Académico de 1889 a 1890 / _cpor Gabriel López Pérez. |
| 260 |
_aSalamanca : _b[s.n.], _c1889 ( _fImprenta de Francisco Nuñez Izquierdo) |
||
| 300 |
_a39 p. ; _c30 cm. |
||
| 650 | 7 |
_aMatrimonio _2embne _914855 |
|
| 710 | 0 |
_aUniversidad Literaria de Salamanca. _97390 |
|
| 852 |
_aES-MaACL _jT-497-F-6 _z-- Enc. hol. _q-- Falto de la cub. original _z-- Enc. en un vol. facticio _x-- Edic.: Tema del discurso: Concepto médico-social del matrimonio |
||
| 999 |
_c158055 _d158055 |
||